| 000 | 03976cam a22012254i 4500 | ||
|---|---|---|---|
| 003 | PE-LiUPU | ||
| 005 | 20250813185606.0 | ||
| 008 | 150706s r 000 0 d | ||
| 035 | _a(Sirsi) a49765 | ||
| 035 | _a(Sirsi) a49765 | ||
| 040 |
_aPE-LiUPU _bspa _cPE-LiUPU _erda |
||
| 049 | _aPRUA | ||
| 082 | 0 | 4 |
_a371.203 _bA48 _221 |
| 100 | 1 |
_aAlvarado Oyarce, Otoniel, _eautor. |
|
| 245 | 1 | 0 |
_aSupervisión Educativa orientada al control de calidad / _cOtoniel Alvarado Oyarce. |
| 264 | 1 |
_aLima : _bDerrama Magisterial, _c2002. |
|
| 300 |
_a176 páginas : _bilustraciones ; _c20 cm. |
||
| 336 |
_atext _2rdacontent |
||
| 337 |
_aunmediated _2rdamedia |
||
| 338 |
_avolume _2rdacarrier |
||
| 504 | _aIncluye bibliografía. | ||
| 505 | 0 | _aDeslindes teóricos -- La supervisión y el control de la calidad -- La supervisión y los conceptos y funciones afines -- El impacto de la supervisión educativa -- Lineamientos doctrinarios de la supervisión -- Conceptos -- Fines -- Objetivos -- Funciones -- Técnicas -- Principios -- Características -- Estilos -- Evolución conceptual -- Dinámica de la supervisión -- Supervisión educativa comparada -- La supervisión educativa en Europa -- La supervisión educativa en América Latina -- La supervisión educativa en el Perú -- Hacia una concepción sistemática de la supervisión -- La supervisión y el comportamiento docente -- La resitencia a la supervisión -- Causas que la originan -- Reacciones conductuales -- Estrategias de enfrentamiento -- Técnicas e instrumentos de control de calidad -- La función de verificación -- La función asesora -- La función de información -- La función de innovación. | |
| 526 | _aP202 | ||
| 526 | _aP201 | ||
| 526 | _aP163 | ||
| 526 | _aP162 | ||
| 526 | _aP161 | ||
| 526 | _aP160 | ||
| 526 | _aP148 | ||
| 526 | _aP147 | ||
| 526 | _aP146 | ||
| 526 | _aP145 | ||
| 526 | _aP144 | ||
| 526 | _aP143 | ||
| 526 | _aP142 | ||
| 526 | _aP141 | ||
| 526 | _aP140 | ||
| 526 | _aP139 | ||
| 526 | _aP138 | ||
| 526 | _aP137 | ||
| 526 | _aP136 | ||
| 526 | _aP135 | ||
| 526 | _aP134 | ||
| 526 | _aP133 | ||
| 526 | _aP129 | ||
| 526 | _aP128 | ||
| 526 | _aP127 | ||
| 526 | _aP120 | ||
| 526 | _aP119 | ||
| 526 | _aP118 | ||
| 526 | _aP116 | ||
| 526 | _aP115 | ||
| 526 | _aP114 | ||
| 526 | _aP110 | ||
| 526 | _aP109 | ||
| 526 | _aP108 | ||
| 526 | _aP104 | ||
| 526 | _aP103 | ||
| 526 | _aP102 | ||
| 526 | _aP99 | ||
| 526 | _aP98 | ||
| 526 | _aP97 | ||
| 526 | _aP96 | ||
| 526 | _aP95 | ||
| 526 | _aP93 | ||
| 526 | _aP90 | ||
| 526 | _aP89 | ||
| 526 | _aP88 | ||
| 526 | _aP83 | ||
| 526 | _aP82 | ||
| 526 | _aP62 | ||
| 526 | _aP59 | ||
| 526 | _aP58 | ||
| 526 | _aP57 | ||
| 526 | _aP51 | ||
| 526 | _aP49 | ||
| 526 | _aP48 | ||
| 526 | _aP47 | ||
| 526 | _aP29 | ||
| 526 | _aP24 | ||
| 526 | _aP20 | ||
| 526 | _aP19 | ||
| 526 | _aP17 | ||
| 526 | _aP15 | ||
| 526 | _aP14 | ||
| 526 | _aP12 | ||
| 526 | _aP10 | ||
| 526 | _aP09 | ||
| 526 | _aP08 | ||
| 526 | _aP07 | ||
| 526 | _aP06 | ||
| 526 | _aP05 | ||
| 526 | _aP04 | ||
| 526 | _aP01 | ||
| 541 | _g0001-000367; | ||
| 650 | 0 | 4 |
_aSupervisión educativa _zPerú. |
| 650 | 0 | 4 |
_aControl de calidad total _xEstudio y enseñanza. |
| 650 | 0 | 4 | _aGestión educacional. |
| 910 |
_agl _cjck _d20110623 |
||
| 942 |
_2ddc _cBOOK |
||
| 949 |
_aPGE 371.203 A48 _wDEWEY _c1 _i63134 _lPOSTGRADO _mBUL _p9.00 _r0 _sY _tBOOK _u2015-7-6 _xPOSGRADO _PP57 _o.CIRCNOTE. No olvidar cambiar la fecha de devolución!!!!!!! _o.STAFF. Colección General |
||
| 994 |
_aC0 _bPEPRU |
||
| 596 | _a1 | ||
| 999 |
_aPGE 371.203 A48 _wDEWEY _c52146 _i63134 _d52146 _e2017-5-10 _f2021-11-8 _g5 _lCCODEBUL1 _mBUL _n1 _p9.00 _q1 _r0 _sY _tBOOK _u2015-7-6 _xEDUCACION _PP57 _0COMPRA _o.CIRCNOTE. No olvidar cambiar la fecha de devolución!!!!!!! _o.STAFF. Colección General |
||
| 980 |
_81 _gALBERTO SANCHEZ Responsable de Automatización |
||